[Event "SRI-chB"]
[Site "Colombo"]
[Date "2016.03.21"]
[Round "9"]
[White "De Silva, Elath Mathanga"]
[Black "Bhagya, Viman"]
[Result "1-0"]
[WhiteElo "1928"]
[BlackElo "1953"]
[PlyCount "65"]
[EventDate "2016.03.12"]
[EventType "swiss"]
[EventRounds "10"]
[EventCountry "SRI"]
[SourceTitle "CBM 171 Extra"]
[Source "ChessBase"]
[SourceDate "2016.04.26"]
[SourceVersion "1"]
[SourceVersionDate "2016.04.26"]
[SourceQuality "1"]

1. d4 d5 2. c4 c6 3. Nc3 Nf6 4. Nf3 dxc4 5. a4 Bf5 6. g3 e6 7. Bg2 Nbd7 8. 0-0 h6 9. Nd2 a5 10. Nxc4 Nb6 11. Qb3 Nxc4 12. Qxc4 Bb4 13. e4 Bg6 14. d5 Bxc3 15. bxc3 cxd5 16. exd5 Nxd5 17. Ba3 Rc8 18. Qb5+ Qd7 19. Qxa5 Bd3 20. Rfe1 Bc4 21. Bxd5 Qxd5 22. Qb4 Rc7 23. Rad1 Qc6 24. Rd6 Qf3 25. Qa5 Rc8 26. Rd4 Qc6 27. Qb4 Rc7 28. Rd6 Qf3 29. Re3 Qf5 30. Rd4 Bd5 31. Qb5+ Rd7 32. c4 Qf6 33. Rxd5 1-0

[Event "SRI-chB"]
[Site "Colombo"]
[Date "2016.03.20"]
[Round "7"]
[White "Kottahachchy, KOV"]
[Black "Bhagya, Viman"]
[Result "1-0"]
[WhiteElo "2058"]
[BlackElo "1953"]
[PlyCount "76"]
[EventDate "2016.03.12"]
[EventType "swiss"]
[EventRounds "10"]
[EventCountry "SRI"]
[SourceTitle "CBM 171 Extra"]
[Source "ChessBase"]
[SourceDate "2016.04.26"]
[SourceVersion "1"]
[SourceVersionDate "2016.04.26"]
[SourceQuality "1"]

1. Nf3 d5 2. g3 Nf6 3. Bg2 c6 4. 0-0 Bg4 5. d3 Nbd7 6. Nbd2 e6 7. b3 Be7 8. Bb2 Qc7 9. e4 dxe4 10. dxe4 e5 11. Qe2 0-0 12. h3 Bh5 13. Qe1 b5 14. Nh4 Bc5 15. Kh1 Bg6 16. f4 exf4 17. gxf4 Rae8 18. e5 Nd5 19. Ne4 f5 20. Nxg6 hxg6 21. Ng5 Be7 22. Ne6 Qb6 23. Nxf8 Nxf8 24. Qg3 Qc5 25. Rac1 Rd8 26. c4 Nb4 27. cxb5 Qxb5 28. Qc3 Nxa2 29. Qc4+ Qxc4 30. Rxc4 Rd2 31. Bc3 Rd3 32. Ba5 c5 33. Ra1 Nb4 34. Bxb4 cxb4 35. Rxa7 Bh4 36. Rxb4 Bg3 37. Rbb7 Ne6 38. Bf1 Nxf4 1-0

[Event "SRI-chB"]
[Site "Colombo"]
[Date "2016.03.19"]
[Round "5"]
[White "Bhagya, Viman"]
[Black "Rajapakse, Rmcm"]
[Result "1-0"]
[WhiteElo "1953"]
[BlackElo "2086"]
[PlyCount "29"]
[EventDate "2016.03.12"]
[EventType "swiss"]
[EventRounds "10"]
[EventCountry "SRI"]
[SourceTitle "CBM 171 Extra"]
[Source "ChessBase"]
[SourceDate "2016.04.26"]
[SourceVersion "1"]
[SourceVersionDate "2016.04.26"]
[SourceQuality "1"]

1. d4 Nf6 2. c4 g6 3. Nc3 Bg7 4. e4 d6 5. h3 Nbd7 6. Bd3 0-0 7. Bg5 c6 8. Nge2 Qa5 9. Bd2 a6 10. Nd5 Qd8 11. Nxf6+ Bxf6 12. Rc1 Re8 13. 0-0 c5 14. Bc3 cxd4 15. Nxd4 1-0

[Event "SRI-chB"]
[Site "Malabe"]
[Date "2015.06.19"]
[Round "1"]
[White "Bhagya, Viman"]
[Black "Lakshitha, HH Sasindu"]
[Result "0-1"]
[WhiteElo "2023"]
[BlackElo "1689"]
[PlyCount "92"]
[EventDate "2015.06.19"]
[EventType "swiss"]
[EventRounds "10"]
[EventCountry "SRI"]
[SourceTitle "CBM 167 Extra"]
[Source "ChessBase"]
[SourceDate "2015.09.14"]
[SourceVersion "1"]
[SourceVersionDate "2015.09.14"]
[SourceQuality "1"]

1. d4 Nf6 2. c4 g6 3. Nf3 Bg7 4. g3 0-0 5. Bg2 d6 6. 0-0 Nbd7 7. Nc3 Re8 8. e4 e5 9. h3 h6 10. dxe5 dxe5 11. b3 c6 12. Qc2 Qc7 13. Rd1 b6 14. Be3 Bb7 15. Nd2 Bf8 16. a3 Kh7 17. b4 a5 18. Qb2 axb4 19. axb4 Rxa1 20. Rxa1 Ra8 21. Rxa8 Bxa8 22. Qa3 Bb7 23. c5 bxc5 24. bxc5 Qb8 25. Nc4 Qa8 26. Qb3 Kg7 27. Na4 Ba6 28. Nab6 Bxc4 29. Qxc4 Qa5 30. Na4 Ne8 31. h4 Nef6 32. Bh3 h5 33. Qc2 Qb4 34. Kh2 Ng4+ 35. Bxg4 hxg4 36. Kg2 Nf6 37. Nb6 Nxe4 38. Nd7 f6 39. Qc1 Be7 40. Bh6+ Kf7 41. Qc2 Nxc5 42. Nxc5 Qxc5 43. Qb1 Qd5+ 44. Kh2 c5 45. h5 e4 46. Qb8 Qxh5+ 0-1

[Event "Colombo Grand Prix"]
[Site "Colombo"]
[Date "2014.11.29"]
[Round "8"]
[White "Doluweera, Minul Sanjula"]
[Black "Bhagya, Viman"]
[Result "0-1"]
[WhiteElo "2002"]
[BlackElo "2025"]
[PlyCount "102"]
[EventDate "2014.11.21"]
[EventType "tourn"]
[EventRounds "11"]
[EventCountry "SRI"]
[SourceTitle "CBM 163 Extra"]
[Source "ChessBase"]
[SourceDate "2014.12.23"]
[SourceVersion "1"]
[SourceVersionDate "2014.12.23"]
[SourceQuality "1"]

1. d4 d5 2. c4 c6 3. cxd5 cxd5 4. Nc3 Nf6 5. Nf3 Nc6 6. Bf4 a6 7. h3 Bf5 8. e3 e6 9. Bd3 Bxd3 10. Qxd3 Bd6 11. Bxd6 Qxd6 12. 0-0 0-0 13. Na4 Nd7 14. Rac1 Rfc8 15. Nc5 Rab8 16. a3 Na5 17. b4 Nc4 18. Nd2 Nxd2 19. Qxd2 Nb6 20. Qd3 Nc4 21. e4 b6 22. e5 Qc6 23. Nb3 Qa4 24. Ra1 Rc7 25. Rfc1 Rbc8 26. Nd2 g6 27. Nxc4 Rxc4 28. Qe3 Rc2 29. h4 h5 30. Qg5 Qc6 31. Rf1 Qc3 32. Rad1 Qxa3 33. g4 Qf3 34. gxh5 Qxh5 35. Ra1 Qxg5+ 36. hxg5 Rb2 37. Rxa6 Rxb4 38. Rd1 Rcc4 39. Kg2 Rxd4 40. Rxd4 Rxd4 41. Rxb6 Rg4+ 42. Kh3 Re4 43. Kg3 Rxe5 44. f4 Rf5 45. Rb8+ Kg7 46. Re8 d4 47. Kf3 Rd5 48. Ke2 d3+ 49. Kd2 Rd4 50. Ra8 Rxf4 51. Kxd3 Rf5 0-1

[Event "Colombo Grand Prix"]
[Site "Colombo"]
[Date "2014.11.28"]
[Round "6"]
[White "Bhagya, Viman"]
[Black "Weerawardane, Romesh"]
[Result "1-0"]
[WhiteElo "2025"]
[BlackElo "2107"]
[PlyCount "85"]
[EventDate "2014.11.21"]
[EventType "tourn"]
[EventRounds "11"]
[EventCountry "SRI"]
[SourceTitle "CBM 163 Extra"]
[Source "ChessBase"]
[SourceDate "2014.12.23"]
[SourceVersion "1"]
[SourceVersionDate "2014.12.23"]
[SourceQuality "1"]

1. d4 d5 2. c4 e6 3. Nf3 Nf6 4. g3 a6 5. Bg2 dxc4 6. 0-0 Nbd7 7. a4 Rb8 8. Qc2 b5 9. Ne5 Nxe5 10. dxe5 Nd5 11. Rd1 Bd7 12. axb5 axb5 13. b3 cxb3 14. Qxb3 c6 15. Nc3 Be7 16. Nxd5 cxd5 17. e4 d4 18. Bb2 Bc5 19. Bxd4 Qb6 20. Bxc5 Qxc5 21. Rac1 Qa7 22. Qb4 Rb7 23. Bf1 f6 24. exf6 gxf6 25. Be2 h5 26. e5 fxe5 27. Bf3 Rc7 28. Ra1 Qc5 29. Ra8+ Bc8 30. Rxc8+ Rxc8 31. Qe4 Rc7 32. Bxh5+ Rxh5 33. Qg6+ Rf7 34. Qxe6+ Kf8 35. Rd8+ Kg7 36. Qg4+ Kf6 37. Qxh5 b4 38. Qh4+ Ke6 39. Qg4+ Kf6 40. h4 b3 41. Re8 Qc1+ 42. Kh2 Re7 43. Rf8+ 1-0

[Event "Colombo Grand Prix"]
[Site "Colombo"]
[Date "2014.11.23"]
[Round "4"]
[White "Bhagya, Viman"]
[Black "Kurukulasuriya, Prasanna"]
[Result "0-1"]
[WhiteElo "2025"]
[BlackElo "2063"]
[PlyCount "74"]
[EventDate "2014.11.21"]
[EventType "tourn"]
[EventRounds "11"]
[EventCountry "SRI"]
[SourceTitle "CBM 163 Extra"]
[Source "ChessBase"]
[SourceDate "2014.12.23"]
[SourceVersion "1"]
[SourceVersionDate "2014.12.23"]
[SourceQuality "1"]

1. d4 Nf6 2. c4 g6 3. Nf3 Bg7 4. g3 0-0 5. Bg2 d6 6. 0-0 Nbd7 7. Nc3 e5 8. Qc2 Re8 9. Rd1 c6 10. e4 exd4 11. Nxd4 Qb6 12. Bf4 Ne5 13. b3 Nh5 14. Na4 Qa5 15. Bd2 Qc7 16. Bc3 b6 17. Re1 a6 18. Bb2 Rb8 19. f4 b5 20. cxb5 axb5 21. fxe5 bxa4 22. Qxc6 Qxc6 23. Nxc6 Rb6 24. Na5 Be6 25. Bd4 Ra6 26. b4 a3 27. Bf1 Raa8 28. Nc6 Bd7 29. b5 Ra4 30. Bf2 Kf8 31. Rac1 dxe5 32. Red1 Bc8 33. Bc4 Bh6 34. Bc5+ Kg7 35. Rc2 Nf6 36. Re1 Bd7 37. Bd5 Be6 0-1